Größte Städte in Brandenburg nach Buchstabe - Statistiken

Allgemein
  • Dieses Quiz wurde 58 mal gespielt
  • Das Durchschnittsergebnis liegt bei 12 aus 22
Antwortstatistiken
Hint Antwort % Korrekt
B Brandenburg an der Havel
94%
C Cottbus
94%
F Frankfurt an der Oder
94%
P Potsdam
94%
E Eberswalde
80%
O Oranienburg
76%
K Königs Wusterhausen
72%
S Schwedt/Oder
56%
R Rathenow
54%
L Ludwigsfelde
52%
N Neuruppin
52%
T Teltow
52%
J Jüterbog
48%
A Angermünde
42%
Z Zossen
42%
W Werder
40%
H Hohen Neuendorf
36%
G Guben
34%
V Velten
22%
D Doberlug-Kirchhain
14%
M Mittenwalde
8%
U Uebigau-Wahrenbrück
8%
Keine übereinstimmenden Quizze gefunden
Verteilung der Resultate
Anzahl Personen mit jedem Resultat
Perzentil nach korrekt beantworteten Fragen
Ihre Resultats-Entwicklung
Sie haben dieses Quiz noch nicht gespielt